Estatísticas para Cultura Geral

Clique aqui para jogar o quiz

Estatísticas Gerais

  • Esse quiz foi jogado 14 vezes
  • A pontuação média é 7 de 15

Estatísticas das Respostas

HintResposta% Correto
Em que país podemos encontrar a sede da empresa American Express?Estados Unidos
100%
Em que país podemos encontrar Porta de Brandemburgo?Alemanha
83%
Em que país podemos encontrar a Universidade de Bolonha?Itália
83%
Em que país podemos encontrar a Universidade de Coimbra?Portugal
75%
Que nome damos á autoridade académica máxima de uma universidade?Reitor
50%
Que nome damos á soma do conhecimento, crenças, artes, moral, leis e costumes de uma sociedade?Cultura
42%
Que nome damos á especialidade da biologia que estuda o meio ambiente e os seres vivos que vivem nele?Ecologia
42%
Em que país podemos encontrar a sede da Organização Mundial de Turismo?Espanha
42%
Em que país podemos encontrar a Universidade Gakushuin?Japão
33%
Que nome damos ao nome fictício usado por um indivíduo como alternativa ao seu nome real?Pseudónimo
25%
Que nome damos á ciência centralizada no estudo do turismo?Turismologia
25%
Que nome damos ao trabalho sistemático realizado para obter novos conhecimentos?Pesquisa
17%
Que nome damos ao profissional que conhece, analisa e estuda o turismo em sua totalidade?Turismólogo
17%
Que nome damos á conduta humana que consiste em se importar e ajudar o próximo mesmo que isso o prejudique?Altruísmo
8%
Que nome damos ao ramo da biologia que estuda a organização estrutural dos seres vivos?Anatomia
8%

Distribuição das Pontuações

Percentil de Números Respondidos

Porcentagem de Pessoas com Cada Pontuação

Sua Pontuação Histórica

Você não jogou esse quiz